000 00650nam a22002297a 4500
003 UA-OsUOA
001 51351
007 ta
008 20071226b un ||||| |||| 00| 0 ukr d
090 _a311.3(477)
_bУ45
942 _cBK
040 _aUA-OsUOA
_bukr
_cUA-OsUOA
_dUA-OsUOA
245 _aУкраїна у цифрах 2006
_bСтатистичний довідник
300 _a238 с.
955 _a2
041 _aukr
080 _a311.3(477)
020 _a966-8459-15-6
260 _aК.
_bКонсультант
_c2007
650 7 _a311 Статистика як наука. Теорія статистики
_2UDC
999 _c337441
_d337441